Statistics for Exceptionally Hard Random Quiz #1

Click here to take the quiz!

General Stats

  • This quiz has been taken 46 times
  • The average score is 8 of 25

Answer Stats

HintAnswer% Correct
Type the alphabet:Abcdefghijklmnopqrstuvwxyz
81%
What is 7 squared add 3 in that order?Fifty Two
69%
Does the lines 'y=4x' and 'y=x-1' intersect?Yes
65%
How many holes in a Polo?Four
62%
What question is this?Twenty Three
62%
1+1= Something that isn't 2Window
58%
Type the alphabet again:The alphabet again
54%
"Time for El Barto"Bart Simpson
50%
Name the only sport where thier isn't a score and no one knows who wins until the end?Boxing
42%
Here is an easy one. What would F5 do on this page?Refresh
38%
What circle-based character was based on a pizza?Pac-Man
35%
In total, how many years should you sleep in a lifetime?Twenty four
35%
What is the fake version of the above called?Wrestling
35%
"Didn't they do well!"Bruce Forsyth
19%
What was the first to ask 'How many holes in a Polo?'The Impossible Quiz
19%
"Is that your final answer?"Chris Tarrant
15%
TV quiz show / Unnessassary / BluntPointless
15%
"Up and Atom!"Radioactive Man
15%
What is the button pressed to reach the DOM Explorer?F12
12%
What do we call something if it is BURNED into ash?Incinerated
12%
What is the units of Strain?None
12%
What household liquid can melt a pearl?Vinegar
12%
What is the units of Stress?Pascals
8%
What is 'Step 3' in JetPunks quiz-maker?Quiz Design
8%
Tell me the only thing that can never actually die.Hydra
4%

Score Distribution

Percentile by Number Answered

Percent of People with Each Score

Your Score History

You have not taken this quiz